| 000 | 00373pam a2200133 a 4500 | ||
|---|---|---|---|
| 020 | _c | ||
| 041 | _h | ||
| 082 | _a658.403 JAY | ||
| 100 |
_aJAYARAMAN (MS) and NATRAJAN (Ganesh ) _eauthor |
||
| 245 |
_aImplementing BPR An Agenda for the CEO _hTextual Document |
||
| 260 |
_bTata McGraw-Hil Publication Company Limited . Delhi _c1996 |
||
| 300 | _axi, 418 | ||
| 930 | _a4591 | ||
| 999 |
_c833697 _d833697 |
||